Meistertrainer der Premier League Sieger - Statistiken

Allgemein
  • Dieses Quiz wurde 277 mal gespielt
    93 seit der letzten Aktualisierung
  • Das Durchschnittsergebnis liegt bei 29 aus 33
Antwortstatistiken
Saison Verein Trainer % Korrekt
19/20 Liverpool Jürgen Klopp
100%
17/18 ManCity Pep Guardiola
100%
18/19 ManCity Pep Guardiola
100%
20/21 ManCity Pep Guardiola
100%
21/22 ManCity Pep Guardiola
100%
22/23 ManCity Pep Guardiola
100%
23/24 ManCity Pep Guardiola
100%
92/93 ManUnited Sir Alex Ferguson
96%
93/94 ManUnited Sir Alex Ferguson
96%
95/96 ManUnited Sir Alex Ferguson
96%
96/97 ManUnited Sir Alex Ferguson
96%
98/99 ManUnited Sir Alex Ferguson
96%
99/00 ManUnited Sir Alex Ferguson
96%
00/01 ManUnited Sir Alex Ferguson
96%
02/03 ManUnited Sir Alex Ferguson
96%
06/07 ManUnited Sir Alex Ferguson
96%
07/08 ManUnited Sir Alex Ferguson
96%
08/09 ManUnited Sir Alex Ferguson
96%
10/11 ManUnited Sir Alex Ferguson
96%
12/13 ManUnited Sir Alex Ferguson
96%
04/05 Chelsea Jose Mourinho
93%
05/06 Chelsea Jose Mourinho
93%
14/15 Chelsea Jose Mourinho
93%
97/98 Arsenal Arsene Wenger
88%
01/02 Arsenal Arsene Wenger
88%
03/04 Arsenal Arsene Wenger
88%
24/25 Liverpool Arne Slot
87%
15/16 Leicester Claudio Ranieri
63%
16/17 Chelsea Antonio Conte
60%
09/10 Chelsea Carlo Ancelotti
51%
13/14 ManCity Manuel Pellegrini
43%
11/12 ManCity Roberto Mancini
41%
94/95 Blackburn Sir Kenny Dalglish
13%
Keine übereinstimmenden Quizze gefunden
Verteilung der Resultate
Anzahl Personen mit jedem Resultat
Perzentil nach korrekt beantworteten Fragen
Ihre Resultats-Entwicklung
Sie haben dieses Quiz seit der letzten Aktualisierung nicht gespielt